书目信息 |
| 书名: | The Cloistered Virtue | |
| 作者: | Barend Van Niekerk. | |
| 分册号: | ||
| 分册名: | 出版地: | New York : |
|
| 出版社: | Praeger | |
| 出版时间: | 1987. | |
| 页数: | 399 p. ; | |
| 开本: | 20cm. | |
| 丛书名: | ||
| 中图分类号: | ||
| 科图分类号: | ||
| 其他分类号: | D502 | |
| 主题词: | ||
| 电子资源: | ||
| 000 | 00468nam 2200145 a 4500 | |
| 001 | E0256681767 | |
| 005 | 2002031515444176 | |
| 008 | 020315s1987 00010 eng | |
| 020 | @a0-275-92082-8@bhard :@cRMB 12.00. | |
| 040 | @aPFT@beng | |
| 090 | @aD502 | |
| 099 | @dD502@eN665 | |
| 245 | @aThe Cloistered Virtue :@bfreedom of speed and the administration of justice in the western world / @cBarend Van Niekerk. | |
| 260 | @aNew York :@bPraeger,@c1987. | |
| 300 | @a399 p. ;@c20cm. | |
| The Cloistered Virtue : : freedom of speed and the administration of justice in the western world / / Barend Van Niekerk.-New York : : Praeger, , 1987. |
| 399 p. ; ; 20cm. |
| ISBN 0-275-92082-8hard :RMB 12.00. |
| ● |
| 相关链接 |
|
|
|
正题名:The Cloistered Virtue
索取号:D502/N665
 
预约/预借
| 序号 | 登录号 | 条形码 | 馆藏地/架位号 | 状态 | 备注 |
| 1 | 02016 | 300020162 | 社科库509/509社科库 132排2列6层/ [索取号:D502/N665] | 在馆 |